000 00281nam a2200121 a 4500
001 4144
005 20140414131936.0
008 090317s19uu xx 00 eng d
050 _aREF 686
_bR75 2006
100 _aRoyston, Angela
245 _aHow is a book made?.
999 _c112448
_d112448